000 01264cam a2200325 i 4500
001 32701
003 Mx-PuUPA
005 20260507085729.0
008 140415s1999 mx gr 000 0 spa d
020 _a9683675115
040 _cMx-PuUPA
_aMx-PuUPA
_bspa
_dMx-PuUPA
_erda
041 0 _aspa
043 _acl-----
245 1 3 _aEl desarrollo en América Latina y los procesos de integración subregional :
_bbalance y perspectivas /
_cSalvador Rodríguez y rodríguez ; Alfredo Guerra-Borges, compiladores
250 _aPrimera edición
264 1 _aMéxico, D.F.
_bUniversidad Nacional Autónoma de México
_c1999
300 _a213 páginas ;
_c21 cm
336 _2rdacontent
_atexto
_btxt
337 _2rdamedia
_asin medio
_bn
338 _2rdacarrier
_avolumen
_bnc
490 0 _aColección Libros de la revista Problemas del desarrollo
651 4 _aAmérica Latina
_xCondiciones económicas
_y1982
_vCongresos
651 4 _aAmérica Latina
_xIntegración económica
_vCongresos
700 1 _aRodriguez y Rodriguez, Salvador,
_ecompilador
_918032
700 1 _aGurra-Borges, Alfredo,
_ecompilador
942 _2ddc
_cLI
_h330.98
_iD44
999 _c32701
_d32701